[Event "Bicaz City Cup"]
[Site "Bicaz"]
[Date "2020.03.08"]
[Round "7"]
[White "Vilcu, Matei Stefan"]
[Black "Tufa, Mihai"]
[Result "1-0"]
[WhiteElo "2037"]
[BlackElo "1835"]
[PlyCount "136"]
[EventDate "2020.03.05"]
[EventType "swiss"]
[EventRounds "7"]
[EventCountry "ROU"]
[SourceTitle "CBM 195 Extra"]
[Source "ChessBase"]
[SourceDate "2020.05.31"]
[SourceVersion "1"]
[SourceVersionDate "2020.05.31"]
[SourceQuality "1"]

1. e4 c5 2. Nf3 Nc6 3. d4 cxd4 4. Nxd4 Nf6 5. Nc3 e6 6. Ndb5 Bb4 7. a3 Bxc3+ 8. Nxc3 d5 9. exd5 exd5 10. Bd3 Qe7+ 11. Ne2 0-0 12. 0-0 Ne5 13. Nd4 Nxd3 14. Qxd3 Qe4 15. Rd1 Qxd3 16. Rxd3 Bd7 17. f3 h6 18. Kf2 Rfe8 19. Bd2 Rac8 20. Bc3 a6 21. Rd2 Be6 22. a4 Nd7 23. a5 Nb8 24. Ra4 Nc6 25. Ne2 f6 26. Nf4 Rcd8 27. Bd4 Kf7 28. Bb6 Rd7 29. Ra1 g5 30. Nxe6 Rxe6 31. Rad1 Re5 32. c4 Ke6 33. Bd4 Nxd4 34. Rxd4 h5 35. R1d2 f5 36. g3 f4 37. gxf4 gxf4 38. b4 Rf5 39. Kf1 Rd6 40. Kg2 Kd7 41. Rxd5 Rdxd5 42. cxd5 Kd6 43. Rd4 Ke5 44. Rc4 Kxd5 45. Rc7 Kd4 46. Rxb7 Rg5+ 47. Kf2 Kc4 48. Rb6 Rb5 49. Rxa6 Rxb4 50. Re6 Kd3 51. Kg2 Rb5 52. a6 Ra5 53. Kh3 Kd4 54. Kh4 Kd3 55. Re4 Rxa6 56. Rxf4 Ke3 57. Rf5 Ra2 58. h3 Kf2 59. f4 Kg2 60. Rxh5 Ra3 61. Kg5 Kf3 62. f5 Ke4 63. Kf6 Ra6+ 64. Kg7 Ra7+ 65. Kg6 Ke5 66. f6+ Ke6 67. Rh8 Ra3 68. Re8+ Kd5 1-0

[Event "Wiesbaden op 29th"]
[Site "Wiesbaden"]
[Date "2017.08.25"]
[Round "2"]
[White "Tufa, Mihai"]
[Black "Dereviagin, Vladislav"]
[Result "0-1"]
[WhiteElo "1998"]
[BlackElo "2320"]
[PlyCount "164"]
[EventDate "2017.08.24"]
[EventType "swiss"]
[EventRounds "7"]
[EventCountry "GER"]
[SourceTitle "CBM 180 Extra"]
[Source "ChessBase"]
[SourceDate "2017.10.06"]
[SourceVersion "1"]
[SourceVersionDate "2017.10.06"]
[SourceQuality "1"]

1. e4 c5 2. c3 d6 3. d4 Nf6 4. Bd3 g6 5. Nf3 Bg7 6. h3 0-0 7. Be3 Qc7 8. Qd2 Nbd7 9. 0-0 b6 10. Bh6 Bb7 11. Re1 e5 12. d5 c4 13. Bc2 b5 14. Nh2 Nc5 15. g4 Bc8 16. f3 Bd7 17. Nf1 Kh8 18. Ng3 Bxh6 19. Qxh6 Ng8 20. Qe3 Qd8 21. Kg2 Qh4 22. f4 exf4 23. Qxf4 Qf6 24. Qxf6+ Nxf6 25. Nd2 h6 26. Nf3 Rfe8 27. Rad1 Re7 28. e5 dxe5 29. Rxe5 Rae8 30. Rxe7 Rxe7 31. Kf2 a5 32. Rd4 Kg7 33. a4 bxa4 34. Rxc4 Nb3 35. Bxb3 axb3 36. Rc5 a4 37. Ra5 h5 38. g5 Ne4+ 39. Nxe4 Rxe4 40. Nd2 Re5 41. c4 Rxg5 42. Ra7 Bxh3 43. d6 h4 44. d7 Bxd7 45. Rxd7 h3 46. Rd3 Rg2+ 47. Kf1 a3 48. bxa3 b2 49. Nb1 Rc2 50. Rxh3 Rc1+ 51. Kg2 Rxb1 52. Rb3 Rc1 53. Rxb2 Rxc4 54. Rb3 Ra4 55. Kg3 g5 56. Rc3 Kg6 57. Kh3 f5 58. Kg2 g4 59. Rb3 Kg5 60. Rc3 Kf4 61. Rb3 Ke4 62. Kg3 Rd4 63. Kh4 Rd3 64. Rb4+ Kf3 65. Rb5 f4 66. a4 g3 67. Kh3 g2 68. Rb1 Kf2+ 69. Kh2 f3 70. Ra1 Ra3 71. Rb1 Rxa4 72. Rb2+ Ke3 73. Rb3+ Kf4 74. Rb1 Re4 75. Ra1 Ke3 76. Kg1 Kf4 77. Kh2 Kg4 78. Rb1 Kf4 79. Ra1 Re8 80. Ra4+ Ke3 81. Kg1 Rd8 82. Ra1 Ke2 0-1

[Event "Wiesbaden op 29th"]
[Site "Wiesbaden"]
[Date "2017.08.24"]
[Round "1"]
[White "Tufa, Mihai"]
[Black "Schwenk, Stefan"]
[Result "1-0"]
[WhiteElo "1998"]
[BlackElo "1640"]
[PlyCount "41"]
[EventDate "2017.08.24"]
[EventType "swiss"]
[EventRounds "7"]
[EventCountry "GER"]
[SourceTitle "CBM 180 Extra"]
[Source "ChessBase"]
[SourceDate "2017.10.06"]
[SourceVersion "1"]
[SourceVersionDate "2017.10.06"]
[SourceQuality "1"]

1. e4 c5 2. c3 e6 3. d4 cxd4 4. cxd4 d5 5. Nc3 Nc6 6. Nf3 a6 7. Bd3 dxe4 8. Nxe4 Be7 9. 0-0 Nf6 10. Be3 Bd7 11. Ne5 Nxe5 12. dxe5 Nd5 13. Qg4 g6 14. Bd4 Bc6 15. Rfd1 Nb4 16. Bc4 Bd5 17. Bc3 Qb6 18. Bxb4 Bxe4 19. Bxe7 Bc2 20. Rdc1 Qxb2 21. Bf6 1-0

[Event "ROM-ch"]
[Site "Calimanesti Caciulata"]
[Date "2017.04.02"]
[Round "9"]
[White "Patrascu, Catalin Lucian"]
[Black "Tufa, Mihai"]
[Result "1-0"]
[WhiteElo "2275"]
[BlackElo "1983"]
[PlyCount "83"]
[EventDate "2017.03.25"]
[EventType "swiss"]
[EventRounds "9"]
[EventCountry "ROU"]
[SourceTitle "CBM 177 Extra"]
[Source "ChessBase"]
[SourceDate "2017.04.27"]
[SourceVersion "1"]
[SourceVersionDate "2017.04.27"]
[SourceQuality "1"]

1. e4 c5 2. Nf3 Nc6 3. Bb5 e5 4. 0-0 d6 5. c3 a6 6. Bxc6+ bxc6 7. d4 cxd4 8. cxd4 f6 9. h3 Ne7 10. Nc3 Ng6 11. Be3 Be7 12. Qa4 Bd7 13. Qc4 Qc8 14. Rac1 Be6 15. Qe2 Qb7 16. Rfd1 0-0 17. b3 d5 18. Qb2 dxe4 19. Nxe4 Bd5 20. Nc5 Bxc5 21. dxc5 Rae8 22. Nd2 f5 23. f3 Rd8 24. Qc2 Qb5 25. Nc4 e4 26. f4 Bxc4 27. Qxc4+ Qxc4 28. bxc4 Rd3 29. Rxd3 exd3 30. Rd1 Rd8 31. Kf2 Nf8 32. Ke1 Ne6 33. Kd2 Nd4 34. Rb1 Ne2 35. Rb3 Ng3 36. Rxd3 Ne4+ 37. Ke2 Rxd3 38. Kxd3 Kf7 39. Kc2 g6 40. Kb3 a5 41. Ka4 Ke6 42. Kxa5 1-0

[Event "ROM-ch"]
[Site "Calimanesti Caciulata"]
[Date "2017.03.26"]
[Round "2"]
[White "Tufa, Mihai"]
[Black "Anton, Teodor"]
[Result "0-1"]
[WhiteElo "1983"]
[BlackElo "2412"]
[PlyCount "64"]
[EventDate "2017.03.25"]
[EventType "swiss"]
[EventRounds "9"]
[EventCountry "ROU"]
[SourceTitle "CBM 177 Extra"]
[Source "ChessBase"]
[SourceDate "2017.04.27"]
[SourceVersion "1"]
[SourceVersionDate "2017.04.27"]
[SourceQuality "1"]

1. e4 c5 2. c3 Nf6 3. e5 Nd5 4. d4 cxd4 5. Nf3 e6 6. cxd4 Nc6 7. Nc3 Nxc3 8. bxc3 d6 9. exd6 Bxd6 10. Bd3 Ne7 11. 0-0 Bd7 12. Re1 Qc7 13. Qb3 Rc8 14. Bd2 0-0 15. Ne5 Bc6 16. g3 Bd5 17. Qc2 Bxe5 18. Rxe5 Ng6 19. Re3 f5 20. f4 Rfd8 21. Rc1 b5 22. Bxb5 Ba8 23. Qb3 Nf8 24. Be2 Rb8 25. Qa3 Nd7 26. Bf3 Nb6 27. Qa5 Bxf3 28. Rxf3 Qc6 29. Rf2 Nc4 30. Qxa7 Rb7 31. Qc5 Qxc5 32. dxc5 Nxd2 0-1

[Event "ROM-chT2"]
[Site "Calimanesti"]
[Date "2014.11.16"]
[Round "9.5"]
[White "Anuta, Laurentiu"]
[Black "Tufa, Mihai"]
[Result "0-1"]
[WhiteElo "1991"]
[BlackElo "1994"]
[PlyCount "102"]
[EventDate "2014.11.08"]
[EventType "team-tourn"]
[EventRounds "9"]
[EventCountry "ROU"]
[SourceTitle "CBM 163 Extra"]
[Source "ChessBase"]
[SourceDate "2014.12.23"]
[SourceVersion "1"]
[SourceVersionDate "2014.12.23"]
[SourceQuality "1"]
[WhiteTeam "Moreni Petrom"]
[BlackTeam "Galati Diana"]
[WhiteTeamCountry "ROU"]
[BlackTeamCountry "ROU"]

1. d4 g6 2. Nf3 Bg7 3. g3 d6 4. Bg2 Nc6 5. 0-0 e5 6. dxe5 dxe5 7. Nbd2 Nge7 8. c3 0-0 9. Qa4 Bd7 10. Qb3 Qc8 11. Ne4 b6 12. Bg5 h6 13. Bf6 Be6 14. Qa4 Bxf6 15. Nxf6+ Kg7 16. Ne4 Bh3 17. Rad1 Bxg2 18. Kxg2 Qe6 19. Ned2 a6 20. Qc4 Qxc4 21. Nxc4 e4 22. Nfe5 b5 23. Nxc6 Nxc6 24. Ne3 Rfd8 25. g4 Ne5 26. Kg3 g5 27. h4 Nc6 28. Nf5+ Kg6 29. hxg5 hxg5 30. Rh1 Kf6 31. Rxd8 Nxd8 32. Rh6+ Ke5 33. Rh8 Rb8 34. Re8+ Kf6 35. Rxe4 Ne6 36. Nd4 Nf4 37. e3 Nd3 38. Nc6 Rb6 39. Nb4 Nxb4 40. Rxb4 c5 41. Rb3 c4 42. Ra3 Ke5 43. Kf3 Kd5 44. Ra5 Kc5 45. a4 Rf6+ 46. Ke4 Kb6 47. Rxa6+ Kxa6 48. axb5+ Kxb5 49. f4 Ka4 50. f5 Kb3 51. Kd5 Rh6 0-1

[Event "ROM-chT2"]
[Site "Calimanesti"]
[Date "2014.11.15"]
[Round "8.5"]
[White "Tufa, Mihai"]
[Black "Fulger, Ionut Alexandru"]
[Result "0-1"]
[WhiteElo "1994"]
[BlackElo "1978"]
[PlyCount "82"]
[EventDate "2014.11.08"]
[EventType "team-tourn"]
[EventRounds "9"]
[EventCountry "ROU"]
[SourceTitle "CBM 163 Extra"]
[Source "ChessBase"]
[SourceDate "2014.12.23"]
[SourceVersion "1"]
[SourceVersionDate "2014.12.23"]
[SourceQuality "1"]
[WhiteTeam "Galati Diana"]
[BlackTeam "Targoviste Chindia"]
[WhiteTeamCountry "ROU"]
[BlackTeamCountry "ROU"]

1. e4 c6 2. d4 d5 3. Nc3 dxe4 4. Nxe4 Bf5 5. Ng3 Bg6 6. h4 h6 7. Nf3 Nd7 8. h5 Bh7 9. Bd3 Bxd3 10. Qxd3 Ngf6 11. Bf4 Qa5+ 12. Qd2 Qxd2+ 13. Nxd2 Nd5 14. Be3 Nb4 15. Kd1 0-0-0 16. c4 e5 17. a3 exd4 18. Bxd4 Nd3 19. Kc2 N7e5 20. Rh4 c5 21. Be3 Be7 22. Re4 Bf6 23. Rb1 Rd7 24. b3 Rhd8 25. Nf3 Nxf3 26. gxf3 Nxf2 27. Rf1 Nxe4 28. Nxe4 Bd4 29. Bxd4 cxd4 30. c5 Kb8 31. Kd3 Rd5 32. Rg1 f5 33. Nf2 Rxc5 34. Rxg7 Rc3+ 35. Kd2 Rxf3 36. Nd3 Rh3 37. Nc5 d3 38. Nd7+ Ka8 39. b4 Rc8 40. Nc5 b6 41. Nxd3 Rd8 0-1

[Event "ROM-chT2"]
[Site "Calimanesti"]
[Date "2014.11.13"]
[Round "6.5"]
[White "Tufa, Mihai"]
[Black "Helmer, Janos"]
[Result "0-1"]
[WhiteElo "1994"]
[BlackElo "2103"]
[PlyCount "91"]
[EventDate "2014.11.08"]
[EventType "team-tourn"]
[EventRounds "9"]
[EventCountry "ROU"]
[SourceTitle "CBM 163 Extra"]
[Source "ChessBase"]
[SourceDate "2014.12.23"]
[SourceVersion "1"]
[SourceVersionDate "2014.12.23"]
[SourceQuality "1"]
[WhiteTeam "Galati Diana"]
[BlackTeam "Cluj Napoca"]
[WhiteTeamCountry "ROU"]
[BlackTeamCountry "ROU"]

1. e4 c5 2. c3 Nf6 3. e5 Nd5 4. d4 cxd4 5. Nf3 d6 6. cxd4 Nc6 7. Nc3 dxe5 8. dxe5 Nxc3 9. Qxd8+ Kxd8 10. bxc3 Bg4 11. Bf4 e6 12. Bd3 h6 13. Nd2 g5 14. Bg3 Bg7 15. Nc4 Ke7 16. Rb1 b6 17. h4 Rad8 18. Be4 Bf5 19. f3 Bxe4 20. fxe4 Rd3 21. Kf2 Rxc3 22. Rbc1 Rxc1 23. Rxc1 Nb4 24. Rb1 Nd3+ 25. Ke3 Nc5 26. Rd1 Nd7 27. a4 Rc8 28. Kd4 Nxe5 29. Bxe5 Bxe5+ 30. Kd3 Rd8+ 31. Ke2 Rxd1 32. Kxd1 Bc7 33. hxg5 hxg5 34. Ke2 Kd7 35. Kd3 a6 36. Kd4 b5 37. axb5 axb5 38. Nd2 Kc6 39. Nb3 Kd6 40. e5+ Kc6 41. g4 Bb6+ 42. Ke4 b4 43. Nd2 Kb5 44. Nf3 Kc4 45. Nxg5 b3 46. Nf3 0-1

[Event "ROM-chT2"]
[Site "Calimanesti"]
[Date "2014.11.09"]
[Round "2.5"]
[White "Tufa, Mihai"]
[Black "Neagu, Liviu"]
[Result "1-0"]
[WhiteElo "1994"]
[BlackElo "2094"]
[PlyCount "105"]
[EventDate "2014.11.08"]
[EventType "team-tourn"]
[EventRounds "9"]
[EventCountry "ROU"]
[SourceTitle "CBM 163 Extra"]
[Source "ChessBase"]
[SourceDate "2014.12.23"]
[SourceVersion "1"]
[SourceVersionDate "2014.12.23"]
[SourceQuality "1"]
[WhiteTeam "Galati Diana"]
[BlackTeam "Targoviste University"]
[WhiteTeamCountry "ROU"]
[BlackTeamCountry "ROU"]

1. e4 c5 2. c3 d5 3. exd5 Qxd5 4. d4 Nc6 5. Nf3 Bg4 6. Be2 Rd8 7. c4 Qh5 8. d5 e6 9. Nc3 exd5 10. Nxd5 Bd6 11. Qb3 Rd7 12. Be3 Nge7 13. 0-0-0 0-0 14. h3 Bxf3 15. Bxf3 Qg6 16. Nxe7+ Rxe7 17. Qd3 Qxd3 18. Rxd3 Re6 19. Bxc6 bxc6 20. Rhd1 Be7 21. Rd7 Ra8 22. Rb7 Bd6 23. Rd7 Be7 24. b3 a5 25. a4 h6 26. Rc7 Rb8 27. Kc2 f5 28. Rdd7 Bf6 29. Rb7 Rbe8 30. Bxc5 Re2+ 31. Rd2 Bg5 32. Rxe2 Rxe2+ 33. Kd3 Rd2+ 34. Kc3 Ra2 35. g3 Bd2+ 36. Kd3 Be1 37. Bd4 g5 38. Rg7+ Kf8 39. Rg6 Bxf2 40. Rxh6 c5 41. Bxf2 Rxf2 42. Ke3 Rf1 43. Ke2 Rb1 44. Rf6+ Kg7 45. Rxf5 Kg6 46. Rxc5 Rb2+ 47. Kd3 Rxb3+ 48. Ke4 Rb4 49. Kd5 Rxa4 50. Kc6 Ra1 51. Kb5 a4 52. Kb4 g4 53. hxg4 1-0

[Event "ROM-ch"]
[Site "Targu Mures"]
[Date "2014.05.02"]
[Round "9"]
[White "Tufa, Mihai"]
[Black "Ciobanu, Viorel Adrian"]
[Result "1/2-1/2"]
[WhiteElo "1964"]
[BlackElo "2211"]
[PlyCount "25"]
[EventDate "2014.04.26"]
[EventType "swiss"]
[EventRounds "11"]
[EventCountry "ROU"]
[SourceTitle "CBM 160 Extra"]
[Source "ChessBase"]
[SourceDate "2014.07.01"]
[SourceVersion "1"]
[SourceVersionDate "2014.07.01"]
[SourceQuality "1"]

1. e4 e5 2. Nf3 Nc6 3. Bb5 d6 4. c3 Nf6 5. 0-0 Be7 6. d4 Bd7 7. dxe5 dxe5 8. Re1 0-0 9. Bg5 h6 10. Bxf6 Bxf6 11. Bxc6 Bxc6 12. Qxd8 Raxd8 13. Na3 1/2-1/2

[Event "ROM-ch"]
[Site "Targu Mures"]
[Date "2014.05.01"]
[Round "8"]
[White "Toma, Mihail"]
[Black "Tufa, Mihai"]
[Result "0-1"]
[WhiteElo "1897"]
[BlackElo "1964"]
[PlyCount "80"]
[EventDate "2014.04.26"]
[EventType "swiss"]
[EventRounds "11"]
[EventCountry "ROU"]
[SourceTitle "CBM 160 Extra"]
[Source "ChessBase"]
[SourceDate "2014.07.01"]
[SourceVersion "1"]
[SourceVersionDate "2014.07.01"]
[SourceQuality "1"]

1. d4 Nf6 2. Nf3 e6 3. Bg5 Be7 4. e3 Ne4 5. Bxe7 Qxe7 6. c3 b6 7. Nbd2 Bb7 8. Nxe4 Bxe4 9. Bd3 f5 10. Bxe4 fxe4 11. Nd2 d5 12. 0-0 0-0 13. f3 exf3 14. Rxf3 Nd7 15. Qb3 Rxf3 16. Nxf3 Nf6 17. Rf1 Ne4 18. Qa4 g5 19. Ne5 Rf8 20. Rxf8+ Qxf8 21. Qc2 Kg7 22. Qe2 c5 23. Qf1 c4 24. Qxf8+ Kxf8 25. Kf1 b5 26. Ke2 a5 27. a3 h5 28. Nc6 a4 29. Na7 Nd6 30. Nc6 Kf7 31. Ne5+ Kf6 32. Nc6 g4 33. Ne5 Kf5 34. Nc6 h4 35. h3 gxh3 36. gxh3 Ne4 37. Na7 Ng5 38. Nxb5 Nxh3 39. Nd6+ Kg4 40. Nc8 Kg3 0-1

[Event "ROM-ch"]
[Site "Targu Mures"]
[Date "2014.04.30"]
[Round "6"]
[White "Ognean, Mihnea Ionut"]
[Black "Tufa, Mihai"]
[Result "0-1"]
[WhiteElo "1799"]
[BlackElo "1964"]
[PlyCount "66"]
[EventDate "2014.04.26"]
[EventType "swiss"]
[EventRounds "11"]
[EventCountry "ROU"]
[SourceTitle "CBM 160 Extra"]
[Source "ChessBase"]
[SourceDate "2014.07.01"]
[SourceVersion "1"]
[SourceVersionDate "2014.07.01"]
[SourceQuality "1"]

1. e4 e6 2. d4 d5 3. e5 c5 4. c3 Nc6 5. Nf3 Qb6 6. Be2 cxd4 7. cxd4 Bb4+ 8. Kf1 Nh6 9. Bxh6 gxh6 10. a3 Be7 11. Qd2 Na5 12. Qc2 Nb3 13. Ra2 Nxd4 14. Qa4+ Nc6 15. Qf4 Bd7 16. b4 a6 17. Nc3 Bg5 18. Nxg5 hxg5 19. Qf6 Rf8 20. Rd2 Qc7 21. Bh5 Qxe5 22. Nxd5 Rd8 23. Bf3 Qxf6 24. Nxf6+ Ke7 25. Nxh7 Rg8 26. h4 g4 27. Be4 f6 28. Bc2 Ne5 29. h5 Bb5+ 30. Ke1 Nd3+ 31. Bxd3 Bxd3 32. Rxd3 Rxd3 33. h6 Rh8 0-1

[Event "ROM-ch"]
[Site "Targu Mures"]
[Date "2014.04.26"]
[Round "1"]
[White "Tufa, Mihai"]
[Black "Anton, Teodor"]
[Result "0-1"]
[WhiteElo "1964"]
[BlackElo "2428"]
[PlyCount "118"]
[EventDate "2014.04.26"]
[EventType "swiss"]
[EventRounds "11"]
[EventCountry "ROU"]
[SourceTitle "CBM 160 Extra"]
[Source "ChessBase"]
[SourceDate "2014.07.01"]
[SourceVersion "1"]
[SourceVersionDate "2014.07.01"]
[SourceQuality "1"]

1. e4 c5 2. c3 Nf6 3. f3 d5 4. e5 Nfd7 5. d4 e6 6. Be3 Nc6 7. a3 Qb6 8. b4 cxb4 9. axb4 Ncxe5 10. Nd2 Ng6 11. h4 Bd6 12. h5 Ne7 13. g4 Bg3+ 14. Bf2 Bxf2+ 15. Kxf2 Qc7 16. Qb3 0-0 17. Nh3 e5 18. Re1 Qd6 19. c4 dxc4 20. Qxc4 Nc6 21. Nb3 Qxb4 22. Qxb4 Nxb4 23. dxe5 a5 24. Nd4 Nc5 25. Nf4 Rd8 26. Nb5 a4 27. Bc4 Ncd3+ 28. Nxd3 Nxd3+ 29. Bxd3 Rxd3 30. Rd1 Rxd1 31. Rxd1 Be6 32. Nc7 Rc8 33. Nxe6 fxe6 34. Rb1 Rb8 35. Ke3 b5 36. Kd4 b4 37. Kc4 b3 38. Kc3 Kf7 39. Kb2 Rc8 40. Ka3 Rc4 41. Rd1 Ke7 42. Rd2 g5 43. hxg6 hxg6 44. Rh2 Kd7 45. Rh8 Rc1 46. Ra8 Ra1+ 47. Kb2 Ra2+ 48. Kb1 g5 49. Ra6 a3 50. Rb6 Rb2+ 51. Ka1 Kc7 52. Rb4 Kc6 53. f4 Kc5 54. Ra4 Ra2+ 55. Kb1 Kb5 56. Ra8 gxf4 57. Rb8+ Kc4 58. Rc8+ Kd5 59. Rc3 Kxe5 0-1

[Event "ROM-chT2"]
[Site "Olanesti"]
[Date "2013.10.13"]
[Round "2.4"]
[White "Tufa, Mihai"]
[Black "Dragomirescu, Calin"]
[Result "0-1"]
[WhiteElo "1928"]
[BlackElo "2150"]
[PlyCount "125"]
[EventDate "2013.10.12"]
[EventType "team-tourn"]
[EventRounds "9"]
[EventCountry "ROU"]
[SourceTitle "EXT 2014"]
[Source "ChessBase"]
[SourceDate "2013.11.20"]
[SourceVersion "1"]
[SourceVersionDate "2013.11.20"]
[SourceQuality "1"]
[WhiteTeam "Galati Diana"]
[BlackTeam "Timis Sinandrei"]
[WhiteTeamCountry "ROU"]
[BlackTeamCountry "ROU"]

1. e4 g6 2. d4 Bg7 3. f4 d6 4. Nf3 Nf6 5. Bd3 0-0 6. 0-0 Na6 7. Nc3 c5 8. Bxa6 cxd4 9. Nxd4 bxa6 10. h3 Bb7 11. Qd3 Rc8 12. f5 Qb6 13. Be3 Rxc3 14. bxc3 Bxe4 15. Qd2 Nd5 16. Rab1 Qc7 17. Rb3 Nxe3 18. Qxe3 Bd5 19. Rb2 Rc8 20. Rfb1 Be5 21. Rb4 Qxc3 22. Qxc3 Rxc3 23. Rd1 Bxa2 24. Rb7 Bd5 25. Rxe7 Rg3 26. Rd2 Kg7 27. Rxa7 Bf4 28. Rd3 Rxd3 29. cxd3 Be3+ 30. Kf1 Bxd4 31. Rxa6 Bc5 32. fxg6 hxg6 33. g3 Kf6 34. Ra4 Ke5 35. Rh4 Be6 36. Ke2 d5 37. Ke1 Be7 38. d4+ Kd6 39. Rf4 Bg5 40. Rf3 Ke7 41. h4 Bf6 42. Rd3 Bf5 43. Rd1 Ke6 44. Kf2 Be4 45. Ke3 Be7 46. Ra1 Bf8 47. g4 f5 48. gxf5+ gxf5 49. Ra6+ Bd6 50. h5 f4+ 51. Ke2 Kd7 52. h6 Be7 53. Rb6 f3+ 54. Kf1 Bh4 55. Rb7+ Ke6 56. Rb3 Bf6 57. Rb4 Kf7 58. Rb7+ Kg6 59. Rb6 Kg5 60. h7 Bxh7 61. Rb4 Kf4 62. Rb7 Bd3+ 63. Ke1 0-1

[Event "ROM-ch"]
[Site "Baile Olanesti"]
[Date "2013.02.24"]
[Round "11"]
[White "Tufa, Mihai"]
[Black "Dumitrascu, Grigore"]
[Result "1-0"]
[WhiteElo "2032"]
[BlackElo "1800"]
[PlyCount "63"]
[EventDate "2013.02.16"]
[EventType "swiss"]
[EventRounds "11"]
[EventCountry "ROU"]
[SourceTitle "CBM 153 Extra"]
[Source "ChessBase"]
[SourceDate "2013.04.22"]
[SourceVersion "1"]
[SourceVersionDate "2013.04.22"]
[SourceQuality "1"]

1. e4 c5 2. c3 Nc6 3. d4 cxd4 4. cxd4 e6 5. Nc3 d6 6. Nf3 Nf6 7. Bd3 Be7 8. 0-0 0-0 9. a3 a6 10. h3 b5 11. Qc2 Bb7 12. e5 dxe5 13. dxe5 Nd7 14. Bxh7+ Kh8 15. Bf4 g6 16. Bxg6 fxg6 17. Qxg6 Bc8 18. Qh6+ Kg8 19. Qxe6+ Kh7 20. Qh6+ Kg8 21. Qg6+ Kh8 22. Qxc6 Rb8 23. Qh6+ Kg8 24. Qg6+ Kh8 25. e6 Nf6 26. Bxb8 Bb7 27. Ng5 Qxb8 28. Nf7+ Rxf7 29. exf7 Qf8 30. Rfe1 b4 31. axb4 Bxb4 32. Qxf6+ 1-0

[Event "ROM-ch"]
[Site "Baile Olanesti"]
[Date "2013.02.18"]
[Round "4"]
[White "Toculet, Gheorghe Cristache"]
[Black "Tufa, Mihai"]
[Result "0-1"]
[WhiteElo "1839"]
[BlackElo "2032"]
[PlyCount "220"]
[EventDate "2013.02.16"]
[EventType "swiss"]
[EventRounds "11"]
[EventCountry "ROU"]
[SourceTitle "CBM 153 Extra"]
[Source "ChessBase"]
[SourceDate "2013.04.22"]
[SourceVersion "1"]
[SourceVersionDate "2013.04.22"]
[SourceQuality "1"]

1. e4 c5 2. Nf3 Nc6 3. d4 cxd4 4. Nxd4 Nf6 5. Nc3 e6 6. a3 a6 7. Be2 Be7 8. 0-0 Qc7 9. Kh1 b5 10. f4 Bb7 11. Bf3 Bc5 12. Nb3 Ne7 13. Nxc5 Qxc5 14. e5 Nfd5 15. Ne4 Qb6 16. Nd6+ Kf8 17. f5 Nc8 18. Nxf7 Kxf7 19. fxe6+ dxe6 20. Bxd5+ Ke8 21. Bxb7 Qxb7 22. Bg5 Qc7 23. Qh5+ g6 24. Qg4 Qc6 25. Rf6 Kd7 26. Rf7+ Ke8 27. Rf6 Kd7 28. Rd1+ Kc7 29. Rxe6 Qc4 30. Qxc4+ bxc4 31. Rf6 Rb8 32. e6 Rb5 33. Bf4+ Kb7 34. Rf7+ Kb6 35. Rfd7 Re8 36. Rd8 Rxd8 37. Rxd8 Rxb2 38. Be3+ Kc7 39. Rd7+ Kc6 40. Rxh7 Rxc2 41. h4 Re2 42. Bf4 Nd6 43. e7 c3 44. Rg7 Re6 45. Kg1 c2 46. g4 Ne8 47. Rf7 Re1+ 48. Kg2 c1Q 49. Bxc1 Rxc1 50. h5 gxh5 51. gxh5 Rc5 52. h6 Rh5 53. h7 Kd7 54. Kg3 a5 55. Kg4 Rxh7 56. Rf5 Rg7+ 57. Kf3 Nd6 58. Rxa5 Rf7+ 59. Ke2 Rxe7+ 60. Kd3 Kc6 61. Rh5 Ra7 62. Kc3 Rxa3+ 63. Kb4 Rd3 64. Rc5+ Kb6 65. Rh5 Rd4+ 66. Kc3 Rg4 67. Rh3 Rf4 68. Kd3 Nf5 69. Rh8 Kc5 70. Rc8+ Kd5 71. Rd8+ Nd6 72. Ke3 Rh4 73. Ra8 Nc4+ 74. Kf3 Ne5+ 75. Kg3 Rg4+ 76. Kf2 Rb4 77. Rd8+ Ke4 78. Re8 Rb3 79. Ra8 Nd3+ 80. Kg3 Ne5+ 81. Kf2 Ng4+ 82. Kg2 Ne3+ 83. Kg3 Nf5+ 84. Kg2 Rb2+ 85. Kh3 Kf3 86. Ra3+ Ne3 87. Kh4 Rb5 88. Rc3 Kf4 89. Ra3 Ng2+ 90. Kh3 Rg5 91. Ra4+ Kf3 92. Ra3+ Ne3 93. Kh4 Re5 94. Rb3 Ra5 95. Rc3 Kf4 96. Rb3 Rd5 97. Ra3 Ng2+ 98. Kh3 Rd2 99. Ra4+ Kf3 100. Ra3+ Ne3 101. Kh4 Rg2 102. Rb3 Rg8 103. Kh5 Kf4 104. Rb4+ Ke5 105. Rb5+ Nd5 106. Ra5 Ke6 107. Ra6+ Kf5 108. Kh6 Nf4 109. Rb6 Ne6 110. Ra6 Rh8# 0-1

[Event "ROM-ch"]
[Site "Baile Olanesti"]
[Date "2013.02.17"]
[Round "2"]
[White "Vasiliu, Cosmin"]
[Black "Tufa, Mihai"]
[Result "1-0"]
[WhiteElo "1778"]
[BlackElo "2032"]
[PlyCount "65"]
[EventDate "2013.02.16"]
[EventType "swiss"]
[EventRounds "11"]
[EventCountry "ROU"]
[SourceTitle "CBM 153 Extra"]
[Source "ChessBase"]
[SourceDate "2013.04.22"]
[SourceVersion "1"]
[SourceVersionDate "2013.04.22"]
[SourceQuality "1"]

1. e4 c5 2. Nc3 Nc6 3. f4 e6 4. Nf3 d5 5. exd5 exd5 6. d4 c4 7. Be2 Bf5 8. a3 Nf6 9. 0-0 a6 10. Ne5 Rc8 11. Nxc6 Rxc6 12. Re1 Be7 13. Bf3 Re6 14. Re5 Be4 15. Bxe4 dxe4 16. d5 Bc5+ 17. Kh1 Re7 18. Qe2 Rxe5 19. fxe5 Nxd5 20. Nxe4 Bd4 21. Nd6+ Kf8 22. Qe4 Bxe5 23. Qxe5 Qe7 24. Qxe7+ Kxe7 25. Nxc4 Rc8 26. Ne3 Nxe3 27. Bxe3 Rxc2 28. Bd4 f6 29. Bc3 b5 30. Kg1 Kd6 31. Rd1+ Kc5 32. Rd7 Kc4 33. Ra7 1-0

[Event "Wiesbaden op 24th"]
[Site "Wiesbaden"]
[Date "2012.08.26"]
[Round "7"]
[White "Tufa, Mihai"]
[Black "Rolf, Marco"]
[Result "1-0"]
[WhiteElo "1998"]
[BlackElo "1881"]
[PlyCount "109"]
[EventDate "2012.08.23"]
[EventType "swiss"]
[EventRounds "7"]
[EventCountry "GER"]
[SourceTitle "CBM 150 Extra"]
[Source "ChessBase"]
[SourceDate "2012.10.19"]
[SourceVersion "1"]
[SourceVersionDate "2012.10.19"]
[SourceQuality "1"]

1. e4 e6 2. d4 d5 3. Nd2 Be7 4. e5 c5 5. c3 Nc6 6. Ndf3 Qa5 7. Bd2 Qb6 8. Bc1 Bd7 9. a3 f6 10. Be2 fxe5 11. Nxe5 Nxe5 12. dxe5 0-0-0 13. b4 Nh6 14. Nf3 Rhf8 15. 0-0 Nf5 16. bxc5 Bxc5 17. g4 Ne7 18. Nd4 h5 19. Be3 Qc7 20. f4 g6 21. g5 Nf5 22. Nxf5 exf5 23. Bd4 Qa5 24. Bxc5 Qxc5+ 25. Qd4 b6 26. Ba6+ Kc7 27. a4 Rfe8 28. Rfd1 Bc6 29. Ra2 Re7 30. Kf2 Kd7 31. Qxc5 bxc5 32. Bc4 Kc7 33. Bb5 Red7 34. Bxc6 Kxc6 35. Rb2 Re7 36. Ke3 Red7 37. Kd3 Re8 38. Rdb1 Ree7 39. Rb8 Rc7 40. Rg8 Re6 41. Rbb8 Rb7 42. Rxb7 Kxb7 43. Rg7+ Kb8 44. Rd7 Ra6 45. Rxd5 Rxa4 46. c4 Ra3+ 47. Ke2 Rh3 48. Rxc5 Rxh2+ 49. Ke3 Rh3+ 50. Kd4 Rh4 51. e6 Rxf4+ 52. Ke5 Re4+ 53. Kf6 h4 54. e7 h3 55. Re5 1-0